000 00533nam a22001817a 4500
005 20251108171000.0
008 250721s2001 xx 000 0 ara d
082 1 4 _a216.25/خطي
100 1 _aالخطيب، عبد العزيز عمر
245 1 0 _aالمختصر المفيد في أحكام الحج و العمرة /
264 1 _aعمان :
_bدار عمار،
_c2001.
300 _a213ص
650 1 7 _aالحج
650 1 7 _aالعمرة
650 1 7 _aالفقه الإسلامي
942 _2ddc
_cBK
999 _c53640
_d53640